Baby Names: Per Letter (2000s) Quiz Stats

Quiz Updated Apr 6, 2012

Challenge
Share
Tweet
Embed
Score 0/44 Timer 07:00
1 Play Today
Letter Name % Correct
BoyMichael
62.2%
BoyWilliam
60%
BoyAndrew
58.1%
BoyDaniel
54.5%
BoyZachary
49%
BoyXavier
48.9%
GirlEmily
48.6%
BoyChristopher
47.2%
BoyVictor
46.7%
BoyJacob
45.9%
GirlOlivia
44.3%
GirlZoe
42.3%
GirlJessica
39.4%
GirlVictoria
39.1%
GirlHannah
37.6%
GirlRachel
35.3%
GirlIsabella
34.9%
BoyEthan
34.6%
BoySamuel
34.5%
BoyRyan
32.5%
BoyNicholas
31.9%
BoyKevin
31.7%
Letter Name % Correct
GirlSamantha
31.1%
GirlAbigail
29.9%
GirlMadison
29.1%
GirlLauren
27.8%
BoyPatrick
26.3%
BoyTyler
25.6%
BoyBrandon
25.1%
GirlGrace
23.7%
GirlTaylor
22.6%
GirlChloe
21.1%
BoyOwen
20.8%
GirlNatalie
20.7%
GirlBrianna
18.3%
GirlKayla
16.1%
BoyGabriel
14.9%
GirlFaith
12.6%
BoyIsaiah
12.5%
BoyLogan
10.7%
BoyHunter
9.7%
GirlDestiny
9.2%
GirlPaige
9.1%
BoyFrancisco
4.5%

You're not logged in!

Compare scores with friends on all Sporcle quizzes.
Join for Free
OR
Log In

You Might Also Like...

Show Comments

Extras

Top Quizzes Today


Score Distribution

Your Account Isn't Verified!

In order to create a playlist on Sporcle, you need to verify the email address you used during registration. Go to your Sporcle Settings to finish the process.

Report this User

Report this user for behavior that violates our Community Guidelines.

Details: